00630nam a2200217Ia 4500003000400000005001700004008004100021020001800062040000700080041000800087082001600095100002300111245002400134260003800158300000900196650002200205700002200227942001300249999001900262952013100281OSt20250823122614.0250729s2004 xx 000 0 und d a9788176485562 cAL aeng a370.71 RANT aRana Gopal9222067 aTeaching strategies aNew DelhibA P H Publishingc2004 a218p aEducation9222068 aSingh R P9222069 2ddccBED c235291d235291 00104070aALbALd2025-07-29eSita Book Houseg150.00l0o370.71 RANTpBED00610r2025-07-29 16:53:53v150.00w2025-07-29yBK